Muslims and the state in the post-9/11 west / (Record no. 16015)
[ view plain ]
| 000 -LEADER | |
|---|---|
| fixed length control field | 02147nam a2200289 a 4500 |
| 001 - CONTROL NUMBER | |
| control field | ASIN0415488958 |
| 005 - DATE AND TIME OF LATEST TRANSACTION | |
| control field | 20170105102930.0 |
| 008 - FIXED-LENGTH DATA ELEMENTS--GENERAL INFORMATION | |
| fixed length control field | 140115s2009 xxu eng d |
| 020 ## - INTERNATIONAL STANDARD BOOK NUMBER | |
| International Standard Book Number | 0415488958 (hardcover) |
| Terms of availability | $140.00 |
| 020 ## - INTERNATIONAL STANDARD BOOK NUMBER | |
| International Standard Book Number | 9780415488952 (hardcover) |
| 040 ## - CATALOGING SOURCE | |
| Original cataloging agency | 0 |
| 050 04 - LIBRARY OF CONGRESS CALL NUMBER | |
| Classification number | D1056.2.M87 |
| 082 04 - DEWEY DECIMAL CLASSIFICATION NUMBER | |
| Classification number | 322.1088297 |
| Author Mark | MUS 2010 |
| 245 10 - TITLE STATEMENT | |
| Title | Muslims and the state in the post-9/11 west / |
| Statement of responsibility, etc. | Erik Bleich. |
| 260 ## - PUBLICATION, DISTRIBUTION, ETC. | |
| Place of publication, distribution, etc. | [S.l.] : |
| Name of publisher, distributor, etc. | Routledge, |
| Date of publication, distribution, etc. | 2009. |
| 300 ## - PHYSICAL DESCRIPTION | |
| Extent | 176 p. ; |
| Dimensions | 24 cm. |
| 520 ## - SUMMARY, ETC. | |
| Summary, etc. | From the terrorist attacks of 9/11 to the assassination of Dutch filmmaker Theo van Gogh to the London transportation bombings, dramatic events of recent years have generated security concerns about Muslim communities in the West. These have added an additional layer to the tensions surrounding Muslim immigrant integration and have generated heated discussions about how governments should address such challenges. This collection assembles leading scholars to address four central themes related to the interactions between Muslims and states in contemporary Europe and North America. Its authors investigate the timing of Muslims’ emergence as a perceived security risk; they review the variety of actions undertaken in response to the new concerns; they assess the effectiveness of different kinds of policies in managing the security and social challenges that governmental actors observe; and they identify relevant Muslim sub-groups and their highly divergent views on recent developments. This book thus serves as a foundation for understanding an issue of critical importance and as a touchstone for advancing public, policy, and scholarly debate about Muslim-state interactions. This book was originally published as a special issue of the Journal of Ethnic and Migration Studies . |
| 650 #0 - SUBJECT ADDED ENTRY--TOPICAL TERM | |
| Topical term or geographic name entry element | Europe, Western |
| 650 #0 - SUBJECT ADDED ENTRY--TOPICAL TERM | |
| Topical term or geographic name entry element | Islam and state |
| 650 #0 - SUBJECT ADDED ENTRY--TOPICAL TERM | |
| Topical term or geographic name entry element | Muslims |
| 650 #0 - SUBJECT ADDED ENTRY--TOPICAL TERM | |
| Topical term or geographic name entry element | National security |
| 650 #0 - SUBJECT ADDED ENTRY--TOPICAL TERM | |
| Topical term or geographic name entry element | United States |
| 650 #0 - SUBJECT ADDED ENTRY--TOPICAL TERM | |
| Topical term or geographic name entry element | War on Terrorism (2001-2009) |
| 700 1# - ADDED ENTRY--PERSONAL NAME | |
| Personal name | Bleich, Erik. |
| 856 40 - ELECTRONIC LOCATION AND ACCESS | |
| Materials specified | Amazon.com |
| Uniform Resource Identifier | <a href="http://www.amazon.com/exec/obidos/ASIN/0415488958/chopaconline-20">http://www.amazon.com/exec/obidos/ASIN/0415488958/chopaconline-20</a> |
| 942 ## - ADDED ENTRY ELEMENTS (KOHA) | |
| Source of classification or shelving scheme | |
| Koha item type | Book |
| Withdrawn status | Lost status | Damaged status | Not for loan | Collection code | Permanent Location | Current Location | Shelving location | Date acquired | Total Checkouts | Full call number | Barcode | Date last seen | Price effective from | Koha item type |
|---|---|---|---|---|---|---|---|---|---|---|---|---|---|---|
| Centre for International Peace & Stability (CIPS) | Centre for International Peace & Stability (CIPS) | General Stacks | 11/21/2013 | 322.1088297 MUS 2010 | CIPS0002504 | 01/15/2014 | 01/15/2014 | Book |
